Statistics for Ten Highest HDI Countries in North America

Click here to take the quiz!

General Stats

  • This quiz has been taken 41 times
  • The average score is 8 of 10

Answer Stats

HDICountry% Correct
0.929Canada
100%
0.926United States
95%
0.779Mexico
95%
0.815Panama
86%
0.814Bahamas
86%
0.810Costa Rica
81%
0.779Saint Kitts and Nevis
81%
0.783Cuba
76%
0.796Trinidad and Tobago
67%
0.814Barbados
62%

Score Distribution

Percentile by Number Answered

Percent of People with Each Score

Your Score History

You have not taken this quiz